| 000 | 00995 a2200169 4500 | ||
|---|---|---|---|
| 003 | Nust | ||
| 005 | 20221027111033.0 | ||
| 040 | _cNust | ||
| 082 | _a621.3,WAL | ||
| 100 |
_aWall, T.F. _9101169 |
||
| 245 |
_aTest papers and Solutions on Electrical Engineering / _cT.F. Wall |
||
| 260 |
_aLondon _bGeorge Newnes _c1947 |
||
| 300 | _a 312:p | ||
| 505 | _aFundamentals Units (Page-1), Structure of Atom (Page-7), Coulombs Law (Page-29), Capacitance (Page-39), Current Distributors and networks (Page-63), Thermo Electricity (Page-78), Magnetism (Page-91), Electromagnetism (Page-114), Alternating Currents (Page-129), Oscillating Systems (Page-148), Single Phase and Three Phase Alternating current systems (Page-176), Some graphical Methods (Page-190), Non sinusoidal Wave from (Page-213), The Penetration of alternating magnetic (Page-229), Propagation of electric energy (Page-249), The Propagation of electromagnetic waves (Page-289). | ||
| 650 | _aElectrical Engineering | ||
| 942 |
_2ddc _cBK |
||
| 999 |
_c179402 _d179402 |
||